[Event "BCSA Open"]
[Site "Batumi GEO"]
[Date "2003.07.19"]
[Round "3"]
[White "Mejinian,E"]
[Black "Churgulia,G"]
[Result "1/2-1/2"]
[WhiteElo "2187"]
[BlackElo "2316"]

1.d4 f5 2.g3 Nf6 3.Bg2 g6 4.Nf3 Bg7 5.O-O O-O 6.c4 d6 7.Nc3 Nc6 8.d5 Na5
9.Nd2 c5 10.Qc2 Bd7 11.b3 a6 12.Bb2 b5 13.e4 bxc4 14.bxc4 Rb8 15.Rab1 Bh6
16.f4 Bg7 17.h3 fxe4 18.Ncxe4 Nxe4 19.Bxe4 Rxb2 20.Rxb2 Bxb2 21.Qxb2 Bxh3
22.Rb1 Bg4 23.Bd3 Qd7 24.Qa3 Qc7 25.Ne4 Bc8 26.Ng5 h6 27.Nf3 e5 28.dxe6 Bxe6
29.Qc3 Bf5 30.Nh4 Nc6 31.Bxf5 gxf5 32.Qf3 Rf7 33.Re1 Ne7 34.Qh5 Qa5 35.Re6 Qc3
36.Kh2 Qc2+ 37.Kh3 Qxc4 38.Rxh6 Qf1+ 39.Kh2 Qf2+ 40.Ng2 Qb2 41.Kh3 Qa1 42.Kh2 Qb2
43.Qd1 Rf6 44.Rh4 Ng6 45.Qd5+ Kg7 46.Rh5 Ne7 47.Rg5+ Kh7 48.Rh5+ Kg7 49.Rg5+ Kh7  1/2-1/2

[Event "US Senior Open"]
[Site "Wilmington USA"]
[Date "2003.07.22"]
[Round "4"]
[White "Shocron,R"]
[Black "Curdo,J"]
[Result "1/2-1/2"]
[WhiteElo "2260"]
[BlackElo "2254"]

1.d4 f5 2.Nf3 Nf6 3.g3 g6 4.Bg2 Bg7 5.O-O O-O 6.c4 d6 7.Nc3 c6 8.Qc2 Na6
9.Re1 Nh5 10.d5 f4 11.Ng5 e5 12.Nge4 c5 13.Nb5 Bf5 14.Qb3 Bxe4 15.Bxe4 Nf6
16.Bg2 Ng4 17.Rf1 Nc7 18.Nxc7 Qxc7 19.h3 Nh6 20.Be4 fxg3 21.Qxg3 Nf5 22.Qg2 Rf7
23.Bd2 Raf8 24.f3 Kh8 25.Kh1 Qe7 26.Rg1 Nh4 27.Qg4 Nf5 28.a3 Nd4 29.Rae1 Bf6
30.Bh6 Bg7 31.Bg5 Bf6 32.Bh6 Bg7  1/2-1/2

[Event "KB Czech Open"]
[Site "Pardubice CZE"]
[Date "2003.07.24"]
[Round "7"]
[White "Tunik,G"]
[Black "Haub,TM"]
[Result "1/2-1/2"]
[WhiteElo "2497"]
[BlackElo "2397"]

1.d4 f5 2.g3 Nf6 3.Bg2 g6 4.c4 Bg7 5.Nf3 O-O 6.O-O c6 7.Nc3 d6 8.d5 e5 9.dxe6 Bxe6
10.Qd3 Na6 11.Ng5 Bc8 12.Rb1 Ng4 13.Nf3 Ne5 14.Nxe5 dxe5 15.Qxd8 Rxd8 16.Bg5 Re8
17.Rbd1 Be6 18.b3 e4 19.Rc1 h6 20.Be3 Red8 21.g4 Kh7 22.gxf5 gxf5 23.f3 exf3
24.Bxf3 Be5 25.Kh1 Rf8 26.Na4 f4 27.Bf2 Bf5 28.a3 Nc7 29.Nc5 Bb2 30.Rcd1 b6
31.Nd3 Bxa3 32.Bxc6 Rae8 33.Nxf4 Re7 34.Bg3 Bc5 35.Nd3 Rf6 36.Bg2 Be3 37.Bh4 Bg5
38.Bxg5 hxg5 39.e4 Bg4 40.Rxf6 Bxd1 41.b4 Be2 42.Rd6 Kg7 43.Kg1 Bxd3 44.Rxd3 Kf6
45.Kf2 Ke5 46.Ke3 Rh7 47.h3 Rg7 48.Bf3 Rf7 49.Rd8 a5 50.bxa5 bxa5 51.Rg8 Ne6
52.Ra8 Rc7 53.Rxa5+ Rc5 54.Ra4 Nf4 55.Bg4 Ng2+ 56.Kd3 Nf4+ 57.Kc3 Kxe4 58.Ra6 Nd5+
59.Kb3 Ne3 60.Be2 Kd4 61.Rd6+ Ke5 62.Rd8 Rc7 63.Kc3 Kf4 64.Rf8+ Ke5 65.Bd3 Nd5+
66.Kd2 Nb6 67.Kc3 Nd5+ 68.Kb3 Nf4 69.Bf5 Rb7+ 70.Kc3 Ne2+ 71.Kd2 Nf4 72.c5 Rc7
73.Bg4  1/2-1/2

[Event "GM"]
[Site "Aarhus DEN"]
[Date "2003.07.27"]
[Round "1"]
[White "Lalic,B"]
[Black "Jakubiec,A"]
[Result "1/2-1/2"]
[WhiteElo "2503"]
[BlackElo "2537"]

1.d4 f5 2.Nf3 Nf6 3.g3 g6 4.Bg2 Bg7 5.c4 O-O 6.O-O d6 7.Nc3 e6 8.b3 Nc6 9.Bb2 e5
10.dxe5 dxe5 11.Qxd8 Rxd8 12.Rfd1  1/2-1/2

[Event "Ceska Pojistovna Cup"]
[Site "Olomouc CZE"]
[Date "2003.08.02"]
[Round "4"]
[White "Volodin,V"]
[Black "Wiley,To"]
[Result "1/2-1/2"]
[WhiteElo "2283"]
[BlackElo "2328"]

1.Nf3 f5 2.c4 Nf6 3.g3 g6 4.Bg2 Bg7 5.O-O O-O 6.d4 d6 7.Nc3 Qe8 8.b3 Na6
9.Ba3 c6 10.Qd3 Rb8 11.e4 fxe4 12.Nxe4 Bf5 13.Nxf6+ Bxf6 14.Qe3 Qd7 15.Rfe1 b5
16.cxb5 cxb5 17.Ng5 b4 18.Bd5+ Kh8 19.Bb2 Nc7 20.Nf7+ Rxf7 21.Bxf7 d5 22.f3 Rf8
23.g4 Bxg4 24.fxg4 Qxg4+ 25.Qg3 Qxg3+ 26.hxg3 Rxf7 27.Rac1 Nb5 28.Rc8+ Kg7
29.Rd1 Bg5 30.Rd3 Nd6 31.Rc7 Ne4 32.Rc2 e6 33.Kg2 a5 34.Rf3 Ra7 35.Bc1 Bf6
36.Be3 h5 37.Rf1 Nc3  1/2-1/2

[Event "ch-AUT"]
[Site "Hartberg AUT"]
[Date "2003.08.04"]
[Round "9"]
[White "Knoll,H"]
[Black "Schroll,G"]
[Result "0-1"]
[WhiteElo "2361"]
[BlackElo "2414"]

1.d4 f5 2.g3 Nf6 3.Bg2 g6 4.Nf3 Bg7 5.O-O O-O 6.c4 d6 7.Nc3 Qe8 8.Nd5 Nxd5
9.cxd5 Nd7 10.Ng5 Nb6 11.a4 c6 12.Ne6 Bxe6 13.dxe6 d5 14.a5 Nc4 15.b3 Nd6
16.Bf4 Nb5 17.e3 Qc8 18.g4 Qxe6 19.gxf5 Qxf5 20.Bg3 a6 21.Rc1 e5 22.dxe5 Bxe5
23.Bxd5+ Kg7 24.Bg2 Rad8 25.Qe2 Bxg3 26.hxg3 Qf6 27.Rc4 Rd6 28.Rf4 Qe5 29.Rxf8 Kxf8
30.Qg4 Kg7 31.Qc8 Qe7 32.Rc1 Rd2 33.Bf3 Nd6 34.Qg4 Nf7 35.Rd1 Ne5 36.Qf4 Qf6
37.Bg4 Rb2 38.Qxf6+ Kxf6 39.Rd6+ Kf7 40.Bd1 Ke7 41.Rd4 Rb1 42.Kg2 c5 43.Rd5 Nc6
44.f4 Nxa5 45.Bg4 h5 46.Bc8 Rxb3 47.Rxc5 Rb5 48.Rc2 Nb3 49.Rc3 Nc5 50.e4 a5
51.e5 b6 52.g4 hxg4 53.Bxg4 a4 54.Rh3 Rb2+ 55.Kg1 Rb4 56.Rh7+ Kf8 57.e6 Rxf4
58.e7+ Ke8 59.Be2 Rf7 60.Bb5+ Kxe7 61.Rh4 Rf3 62.Bxa4 Nxa4 63.Rxa4 Rb3 64.Rd4 Rb2
65.Kf1 Ke6 66.Kg1 Ke5 67.Rd8 g5 68.Kf1 b5 69.Kg1 b4 70.Kf1 Ke4 71.Kg1 Rc2
72.Rb8 Rc4  0-1

[Event "Independence Cup"]
[Site "Kyiv UKR"]
[Date "2003.08.14"]
[Round "2"]
[White "Gorlovetsky,S"]
[Black "Lukyanov,M"]
[Result "1-0"]
[WhiteElo "2189"]
[BlackElo "2148"]

1.Nf3 f5 2.g3 g6 3.Bg2 Bg7 4.d4 Nf6 5.O-O O-O 6.c4 d6 7.Nc3 c6 8.d5 e5 9.dxe6 Bxe6
10.Qa4 Nbd7 11.Ng5 Nb6 12.Nxe6 Nxa4 13.Nxd8 Nxc3 14.Nxb7 Nxe2+ 15.Kh1 d5
16.cxd5 Nxd5 17.Na5 Nd4 18.Nxc6 Nb6 19.Nxd4 Bxd4 20.Bxa8 Rxa8 21.Rd1 Bg7
22.Bg5 Bxb2 23.Rab1 Nc4 24.Rd7 Nb6 25.Rb7 Bd4 26.Rd1 Bxf2 27.Bf6 h5 28.Kg2 Bc5
29.Rc7 Bf8 30.Rb7 Bc5 31.Rg7+ Kf8 32.Rc7 Bb4 33.Rd4 a5 34.Rb7 Bc5 35.Rd8+ Rxd8
36.Bxd8 Nc4 37.Bxa5 Nxa5 38.Rb5 Be3 39.Rxa5 Kf7 40.Re5 Bd4 41.Rd5 Be3 42.a4 Ke6
43.Rd3 Bb6 44.Kf3 g5 45.h3 g4+ 46.hxg4 hxg4+ 47.Ke2 Ke5 48.Rb3 Bc5 49.Rb5 Kd6
50.Rxc5 Kxc5 51.Ke3 Kb4 52.Kf4 Kxa4 53.Kxf5 Kb5 54.Kxg4 Kc6 55.Kf5 Kd7 56.Kf6 Ke8
57.Kg7 Ke7 58.g4 Ke6 59.g5 Kf5 60.g6 Kg5 61.Kf7  1-0

[Event "Open"]
[Site "Vienna AUT"]
[Date "2003.08.16"]
[Round "1"]
[White "Danner,G"]
[Black "Rumpf,W"]
[Result "1-0"]
[WhiteElo "2359"]
[BlackElo "2104"]

1.d4 f5 2.g3 Nf6 3.Bg2 g6 4.Nf3 Bg7 5.O-O O-O 6.c4 d6 7.d5 c6 8.Nc3 Bd7 9.Rb1 Qe8
10.b4 Na6 11.dxc6 bxc6 12.a3 Rc8 13.Qa4 Nc7 14.Qxa7 Ne6 15.Qa4 Ne4 16.Nxe4 fxe4
17.Ng5 Nxg5 18.Bxg5 d5 19.Qb3 Qf7 20.Rbc1 h6 21.Bd2 Bg4 22.f3 exf3 23.Bxf3 Bxf3
24.exf3 e5 25.cxd5 cxd5 26.Rxc8 Rxc8 27.b5 h5 28.b6 h4 29.Rc1 Rb8 30.gxh4 Qe6
31.b7 Kh7 32.Rc7 Qd6 33.Rc8 e4 34.Rxb8 Qxb8 35.Qxd5 Qa7+ 36.Kg2 e3 37.Bxe3 Qxe3
38.b8=Q Qe2+ 39.Kg3 Qe1+ 40.Kg4  1-0

[Event "Open"]
[Site "Vienna AUT"]
[Date "2003.08.18"]
[Round "3"]
[White "Beckhuis,G"]
[Black "Kindermann,S"]
[Result "1/2-1/2"]
[WhiteElo "2320"]
[BlackElo "2538"]

1.d4 f5 2.g3 Nf6 3.Bg2 g6 4.Nf3 Bg7 5.O-O O-O 6.c4 d6 7.Nc3 Qe8 8.d5 a5 9.Be3 Na6
10.Qd2 Bd7 11.Bh6 Qf7 12.Bxg7 Qxg7 13.e4 fxe4 14.Ng5 Nc5 15.Ncxe4 Ncxe4 16.Nxe4 Nxe4
17.Bxe4 a4 18.Rac1 c5 19.dxc6 bxc6 20.Rfe1 Rab8 21.Rc3 g5 22.Bc2 c5 23.b3 axb3
24.axb3  1/2-1/2

[Event "Open"]
[Site "Vienna AUT"]
[Date "2003.08.20"]
[Round "5"]
[White "Hangweyrer,R"]
[Black "Grafl,F"]
[Result "1/2-1/2"]
[WhiteElo "2200"]
[BlackElo "2342"]

1.c4 f5 2.Nf3 Nf6 3.g3 g6 4.Bg2 Bg7 5.d4 O-O 6.O-O d6 7.Nc3 Qe8 8.d5 Na6
9.Rb1 c6 10.dxc6 bxc6 11.b4 Bd7 12.a3 Nc7 13.Bb2 Ne6 14.e3 Nd8 15.b5 Rb8
16.a4 a6 17.Ba1 Nf7 18.bxa6 Ra8 19.Rb6 Qc8 20.Qb3 e5 21.Rb1 Rxa6 22.c5 d5
23.Rxa6 Qxa6 24.Bf1 Qa7 25.Qb6 Ra8 26.Nd2 Bf8 27.Nb3 Be7 28.Bb2 Bd8 29.Qxa7 Rxa7
30.Ra1 Bc8 31.a5 Nd7 32.f4 exf4 33.gxf4 Nb8 34.Ne2 Ba6 35.Nbd4 Be7 36.Ne6 Nd8
37.N2d4 Bxf1 38.Kxf1 Nxe6 39.Nxe6 Kf7 40.Ng5+ Bxg5 41.fxg5 Na6 42.Bd4 Rb7
43.Kf2 Ke6 44.Kg3 Rb4 45.h4 Kf7 46.Kf4 Ke6  1/2-1/2

[Event "Open"]
[Site "Vienna AUT"]
[Date "2003.08.20"]
[Round "5"]
[White "Koffler,D"]
[Black "Bachmayer,J"]
[Result "1-0"]
[WhiteElo "2071"]
[BlackElo "2182"]

1.Nf3 f5 2.g3 Nf6 3.Bg2 g6 4.O-O Bg7 5.d4 O-O 6.c4 d6 7.Nc3 c6 8.d5 Na6 9.Rb1 Nc5
10.Nd2 cxd5 11.cxd5 Bd7 12.b4 Na6 13.Qb3 Qe8 14.Nc4 h6 15.Bf4 g5 16.Bxd6 exd6
17.Nxd6 Qh5 18.Nxb7 Rae8 19.Nc5 Nxc5 20.bxc5 f4 21.c6 Bh3 22.d6+ Kh8 23.Nd5 Nxd5
24.Qxd5 Re5 25.Qb3 Bxg2 26.Kxg2 Rxe2 27.h3 f3+ 28.Kh2 g4 29.h4 Bf6 30.Qb5 Re5
31.Qc4 Bxh4 32.Rh1 Bf6+ 33.Kg1 Qg6 34.Rb5 Re4 35.Qc1 Bg7 36.c7 Qe6 37.Kh2 Re2
38.Rf1 Be5 39.Rb8 Bxg3+ 40.Kh1 Bxd6 41.Rxf8+ Bxf8 42.c8=Q  1-0

[Event "Open"]
[Site "Vienna AUT"]
[Date "2003.08.21"]
[Round "6"]
[White "Certek,P"]
[Black "Padjen,Z"]
[Result "1-0"]
[WhiteElo "2275"]
[BlackElo "2139"]

1.d4 f5 2.Nf3 Nf6 3.g3 g6 4.Bg2 Bg7 5.O-O O-O 6.c4 d6 7.Nc3 c6 8.d5 e5 9.dxe6 Bxe6
10.Qd3 Kh8 11.b3 Ne4 12.Bb2 Na6 13.Na4 Bxb2 14.Nxb2 Qf6 15.Qd4 Rad8 16.Nd3 Qxd4
17.Nxd4 Bg8 18.Rac1 Rfe8 19.Rc2 Nac5 20.Rd1 Nxd3 21.Rxd3 Nc5 22.Rd1 Ne4 23.e3 Kg7
24.h4 Kf6 25.Ne2 d5 26.c5 Ke7 27.Rd4 Kd7 28.Ra4 Ra8 29.Nd4 Reb8 30.Bf1 a5
31.Bd3 Bf7 32.Nf3 Kc7 33.Kg2 h6 34.Ne5 Be8 35.h5 g5 36.f3 Nf6 37.Bxf5 Nxh5
38.Ng4 b5 39.Rd4 Ng7 40.Nxh6 Nxf5 41.Nxf5 Bg6 42.g4 b4 43.e4 dxe4 44.fxe4 a4
45.Rcd2 Be8 46.Ng7 axb3 47.axb3 Rb5 48.Kf3 Rxc5 49.Ne6+ Kb6 50.Rxb4+ Rb5
51.Rxb5+ cxb5 52.Nxg5 Kc5 53.Ne6+ Kb4 54.Nc7 Rc8 55.Nxe8 Kxb3 56.Nd6 Rf8+
57.Ke3 b4 58.Kd4 Rg8 59.Rg2 Rg6 60.e5 Ka3 61.Nc4+ Kb3 62.Rb2+ Ka4 63.Ra2+ Kb3
64.Rg2 Rg8 65.g5 Rd8+ 66.Nd6 Ka3 67.Kc4 b3 68.Nb5+ Ka4 69.Nc3+ Ka3 70.Nb1+ Ka4
71.Kc3 Rc8+ 72.Kb2 Kb4 73.g6 Ra8 74.Rg4+ Kc5 75.g7 Rg8 76.Nc3 Kc6 77.Rg6+ Kd7
78.Nd5 Kd8 79.Nf6  1-0

[Event "Open"]
[Site "Vienna AUT"]
[Date "2003.08.24"]
[Round "9"]
[White "Spiesberger,G"]
[Black "Bachmayer,J"]
[Result "0-1"]
[WhiteElo "2086"]
[BlackElo "2182"]

1.d4 f5 2.Nf3 Nf6 3.g3 g6 4.Bg2 Bg7 5.O-O O-O 6.c4 d6 7.Nc3 c6 8.Re1 Na6
9.e4 fxe4 10.Nxe4 Nxe4 11.Rxe4 e5 12.dxe5 dxe5 13.Qxd8 Rxd8 14.Bg5 Re8 15.Rae1 Bf5
16.R4e2 Bd3 17.Re3 e4 18.Bf1 Nc5 19.Be7 Rxe7 20.Bxd3 Rf7 21.Bxe4 Nxe4 22.Rxe4 Rxf3
23.R4e2 Raf8 24.Rd1 c5 25.Kg2 Bd4 26.Rdd2 a5 27.Rc2 a4 28.Red2 Kg7 29.Re2 R8f7
30.Red2 g5 31.h3 h5 32.Re2 g4 33.h4 Kf8 34.Rcd2 Re7 35.Rc2 Ke8 36.Kf1 Rxe2
37.Rxe2+ Kd7 38.Rd2 Kc7 39.Kg2 Kb6  0-1

[Event "Open"]
[Site "Vienna AUT"]
[Date "2003.08.24"]
[Round "9"]
[White "Gruber,P"]
[Black "Rogetzer,K"]
[Result "1-0"]
[WhiteElo "2021"]
[BlackElo "2137"]

1.d4 f5 2.c4 Nf6 3.Nf3 g6 4.g3 Bg7 5.Bg2 O-O 6.O-O d6 7.Nc3 Qe8 8.Re1 Qf7
9.b3 Ne4 10.Bb2 Nd7 11.Qc2 Nxc3 12.Bxc3 Nf6 13.e3 Ne4 14.Bb2 c6 15.Nd2 d5
16.cxd5 cxd5 17.f4 Bd7 18.Nxe4 fxe4 19.Qd2 Rac8 20.Rac1 g5 21.Rxc8 Bxc8 22.Rf1 Qh5
23.fxg5 Rxf1+ 24.Bxf1 Qxg5 25.Qf2 Qh5 26.Bc1 Bh6 27.h3 Qd1 28.Qd2 Qxd2 29.Bxd2 e5
30.dxe5 d4 31.Kf2 Kf7 32.Bg2 Bf5 33.g4 Bg6 34.h4 Ke6 35.h5 Be8 36.Bxe4 Bg5
37.Bxb7 Bh4+ 38.Kf3  1-0

[Event "ch-ISL"]
[Site "Hafnarborg ISL"]
[Date "2003.08.27"]
[Round "4"]
[White "Bjarnason,S"]
[Black "Halldorsson,G"]
[Result "1/2-1/2"]
[WhiteElo "2269"]
[BlackElo "2282"]

1.d4 f5 2.g3 Nf6 3.Bg2 g6 4.Nf3 Bg7 5.O-O O-O 6.c4 d6 7.Nc3 Qe8 8.d5 Na6
9.Nd4 Bd7 10.Re1 Nc5 11.b3 Nfe4 12.Nxe4 Nxe4 13.f3 Nc5 14.Bb2 f4 15.e3 fxg3
16.hxg3 g5 17.Qc2 a5 18.Rad1 a4 19.Bc3 axb3 20.axb3 Be5 21.f4 gxf4 22.exf4 Bf6
23.Ne6 Nxe6 24.dxe6 Bc6 25.Bxc6 Qxc6 26.Rd5 Qe8 27.Rb5 c5 28.Rxb7 Qc6 29.Rd7 Qf3
30.Bxf6 Qxg3+ 31.Qg2 Qxg2+ 32.Kxg2 Rxf6 33.Rxe7 Rxf4 34.Re3 Rg4+ 35.Rg3 Rxg3+
36.Kxg3 Rb8 37.Rd7 Kf8 38.Rxh7 Rxb3+ 39.Kf4 Rc3 40.Kf5 Rxc4 41.e7+ Ke8 42.Ke6 Re4+
43.Kxd6 Rd4+  1/2-1/2

[Event "Acropolis Open"]
[Site "Athens GRE"]
[Date "2003.08.28"]
[Round "4"]
[White "Shahtahtinsky,A"]
[Black "Dzhumaev,M"]
[Result "0-1"]
[WhiteElo "2322"]
[BlackElo "2495"]

1.d4 f5 2.Nf3 Nf6 3.g3 g6 4.Bg2 Bg7 5.O-O O-O 6.c4 d6 7.b3 Qe8 8.Bb2 c6 9.d5 Na6
10.Nc3 Bd7 11.Rb1 c5 12.e4 fxe4 13.Ng5 e3 14.fxe3 Ng4 15.Rf3 Nc7 16.Nb5 Nxb5
17.Bxg7 Kxg7 18.cxb5 Ne5 19.Rf4 h6 20.Rxf8 Qxf8 21.Ne6+ Bxe6 22.dxe6 Qf5
23.Bxb7 Rf8 24.Rb2 Ng4 25.Bg2 Nxe3 26.Qe1 Nc2 27.Qc3+ Nd4 28.b4 Qe5 29.Kh1 Rf6
30.bxc5 dxc5 31.h3 Rxe6 32.Kh2 Nf3+  0-1

[Event "It"]
[Site "Sharjah UAE"]
[Date "2003.08.29"]
[Round "4"]
[White "Vasilevich,T"]
[Black "Dovliatov,S"]
[Result "1-0"]
[WhiteElo "2431"]
[BlackElo "2390"]

1.d4 f5 2.Nf3 Nf6 3.g3 g6 4.Bg2 Bg7 5.O-O O-O 6.c4 d6 7.Nc3 Qe8 8.d5 Na6
9.Rb1 Nc5 10.b4 Nce4 11.Nb5 Qd8 12.Bb2 e5 13.dxe6 Bxe6 14.Qd3 Qe7 15.Nfd4 Bf7
16.f3 Ng5 17.Rfd1 c6 18.Nc3 Rad8 19.a3 Rfe8 20.Kf1 Rd7 21.b5 c5 22.Nb3 d5
23.cxd5 Nxd5 24.Nxd5 Rxd5 25.Qc2 c4 26.Rxd5 Bxd5 27.Nd4 Ne6 28.Rd1 c3 29.Bxc3 Bc4
30.Ba1 Rc8 31.f4 Qxa3 32.Bd5  1-0

[Event "EYg18"]
[Site "Budva YUG"]
[Date "2003.09.15"]
[Round "3"]
[White "Dedijer,S"]
[Black "Kadziolka,B"]
[Result "0-1"]
[WhiteElo "2088"]
[BlackElo "2255"]

1.d4 f5 2.c4 Nf6 3.g3 g6 4.Bg2 Bg7 5.Nf3 O-O 6.O-O d6 7.Nc3 Nc6 8.d5 Na5
9.Nd2 c5 10.Rb1 e5 11.dxe6 Bxe6 12.b4 cxb4 13.Rxb4 Rc8 14.Bxb7 Rb8 15.Bd5 Rxb4
16.Bxe6+ Kh8 17.Ba3 Rb8 18.Nf3 Nb7 19.Nd5 Nc5 20.Nd4 Nxd5 21.Bxd5 Qf6 22.Nc6 Rb7
23.Ne5 Qxe5 24.Bxc5 Rb2 25.Bxa7 Rxa2 26.Be3 Rb2 27.Qd3 Rfb8 28.Rd1 R8b3 29.Qd4 Qxd4
30.Bxd4 Bxd4 31.Rxd4 Rxe2 32.g4 fxg4 33.Rxg4 Kg7 34.Kg2 Ra3 35.Rf4 Re7 36.h4 Rc3
37.Rd4 Ra3 38.Bf3 Re6 39.Rd5 Rf6 40.Be2 Ra2 41.Kf1 Ra1+ 42.Kg2 Rc1 43.h5 Re1
44.Bf3 Re5 45.hxg6 Rxd5 46.Bxd5 hxg6 47.Kg3 Rf5 48.f4 Kf6 49.Kg4 Rh5 50.Be4 Ra5
51.Kf3 Ra3+ 52.Kg4 Rc3 53.Bd5 Rd3 54.Bg8 Rd4 55.Kg3 Kf5 56.Bf7 Rd3+ 57.Kf2 Rc3
58.Ke2 Kxf4 59.Bxg6 Rxc4 60.Kd3 Ra4  0-1

[Event "EYg18"]
[Site "Budva YUG"]
[Date "2003.09.17"]
[Round "5"]
[White "Vasic,M"]
[Black "Kadziolka,B"]
[Result "0-1"]
[WhiteElo "2179"]
[BlackElo "2255"]

1.d4 f5 2.g3 g6 3.Bg2 Nf6 4.Nf3 Bg7 5.O-O O-O 6.c4 d6 7.Nc3 Nc6 8.d5 Na5
9.Nd2 c5 10.Qc2 e5 11.dxe6 Bxe6 12.Nd5 Nxd5 13.cxd5 Bd7 14.Nf3 b5 15.Rb1 Nc4
16.h4 Nb6 17.Ng5 Qe7 18.Bf4 Rad8 19.Rfe1 h6 20.Nh3 Qf6 21.Bd2 b4 22.Nf4 Qf7
23.Rbd1 a5 24.Bc1 Na8 25.e4 Nc7 26.exf5 Bxf5 27.Be4 Rfe8 28.h5 Rxe4 29.Rxe4 g5
30.Ne6 Nxe6 31.dxe6 Bxe6 32.Qe2 Bd5 33.Re7 Bf3 34.Rxf7 Bxe2 35.Rxg7+ Kxg7
36.Re1 Bxh5 37.Re7+ Kf6 38.Ra7 Ke5 39.f4+ Kf5 40.Kf2 Re8 41.Be3 gxf4 42.gxf4 Re6
43.Rxa5 Ke4 44.a3 bxa3 45.Rxa3 Bg4 46.Rc3 h5 47.Kg3 Kf5 48.Bc1 Re1 49.Rc4 Re2
50.b4 cxb4 51.Rxb4 d5 52.Rd4 Ke6 53.Bd2 Kd6 54.Bb4+ Kc6 55.Bd2 Kc5 56.Rd3 Kc4
57.Rc3+ Kd4 58.Rc2 Kd3  0-1

[Event "EYb18"]
[Site "Budva YUG"]
[Date "2003.09.19"]
[Round "6"]
[White "Esen,B"]
[Black "Murariu,A"]
[Result "1-0"]
[WhiteElo "2217"]
[BlackElo "2389"]

1.d4 f5 2.Nf3 Nf6 3.g3 g6 4.Bg2 Bg7 5.O-O O-O 6.c4 d6 7.Nc3 c6 8.d5 Qe8 9.Nd4 Bd7
10.Re1 Na6 11.e4 fxe4 12.Nxe4 Nxe4 13.Rxe4 Nc5 14.Re1 Qf7 15.Be3 e5 16.Nb3 Nxb3
17.Qxb3 c5 18.Qxb7 Rfb8 19.Qa6 Rb6 20.Qa3 Bf5 21.b3 a5 22.Bd2 Rbb8 23.Bc3 g5
24.Be4 Bd7 25.Qc1 Rf8 26.f3 g4 27.Rf1 Qh5 28.Qe3 Bh6 29.Qd3 gxf3 30.Rxf3 Bg4
31.Rxf8+ Rxf8 32.Re1 Qf7 33.Rf1 Be3+ 34.Kg2 Qxf1+ 35.Qxf1 Bh3+ 36.Kxh3 Rxf1
37.Bxa5 Rf2 38.Bc7 Rxa2 39.Bxd6 Bg1 40.Bf3 Rxh2+ 41.Kg4 Bd4 42.Be7 Kf7 43.d6 Ke6
44.Bd5+ Kd7 45.Be4 h5+ 46.Kg5 Be3+ 47.Kg6 Ra2 48.Bf5+ Ke8 49.Kf6 Rd2 50.d7+  1-0

[Event "EYb16"]
[Site "Budva YUG"]
[Date "2003.09.21"]
[Round "8"]
[White "Glicenstein,A"]
[Black "Bove,A"]
[Result "0-1"]
[WhiteElo "2309"]
[BlackElo "2129"]

1.Nf3 f5 2.c4 Nf6 3.g3 g6 4.Bg2 Bg7 5.O-O O-O 6.d4 d6 7.Nc3 c6 8.d5 e5 9.dxe6 Bxe6
10.Qd3 Na6 11.Nd4 Bf7 12.e3 Ng4 13.b3 Nc5 14.Qd2 Qc7 15.Bb2 Rad8 16.Qc2 Rfe8
17.Nde2 a5 18.Rab1 Na6 19.Nf4 Nb4 20.Qe2 g5 21.Nd3 Nxd3 22.Qxd3 Bg6 23.Qe2 Ne5
24.f4 Ng4 25.Nd1 Qb6 26.Bxg7 Kxg7 27.fxg5 Nxe3 28.Qf2 Nxc4 29.Qxb6 Nxb6 30.b4 f4
31.Rc1 fxg3 32.bxa5 gxh2+ 33.Kxh2 Nd7 34.a6 Bd3 35.Rf4 Bxa6 36.Rc2 Ne5 37.Rc3 Ng6
38.Rf6 Rf8 39.Rxf8 Nxf8 40.Ra3 d5 41.Nf2 Ne6 42.Rg3 Kg6 43.Ng4 Rg8 44.Nf6 Rg7
45.Ne8 Re7 46.Nd6 Nxg5 47.Rb3 Rd7 48.Nc8 Bc4 49.Rb2 Bd3 50.Nb6 Re7 51.Bxd5 Re2+
52.Rxe2 Bxe2 53.Bg2 Bf3 54.Bf1 Ne6 55.Bd3+ Kg7 56.Bf5 Nc5 57.Bc8 Kf6 58.Kg3 Bd5
59.a4 Be6 60.a5 Bxc8 61.Nxc8 Nb3  0-1

[Event "EYg18"]
[Site "Budva YUG"]
[Date "2003.09.22"]
[Round "9"]
[White "Vasic,M"]
[Black "Worek,J"]
[Result "0-1"]
[WhiteElo "2179"]
[BlackElo "2241"]

1.d4 f5 2.g3 Nf6 3.Bg2 g6 4.Nf3 Bg7 5.O-O O-O 6.c4 d6 7.Nc3 e6 8.Re1 Ne4
9.Qd3 Nxc3 10.Qxc3 Nc6 11.Bg5 Qe8 12.Qd2 e5 13.d5 Nd8 14.Be3 Nf7 15.Rac1 h6
16.h4 c5 17.dxc6 bxc6 18.b4 Be6 19.a4 Qe7 20.b5 c5 21.Rc2 Rad8 22.a5 Kh7
23.Nh2 e4 24.f4 exf3 25.exf3 Ne5 26.Qe2 Qf7 27.Rec1 Rfe8 28.Bf1 Nxc4 29.Rxc4 Bxc4
30.Rxc4 d5 31.Rxc5 d4 32.b6 axb6 33.axb6 Rxe3 34.Qd2 Qb7 35.Qb4 Re6 36.Rb5 d3
37.Qb3 d2  0-1

[Event "2nd League TCh-SCG"]
[Site "Belgrade SCG"]
[Date "2003.10.05"]
[Round "9"]
[White "Ilincic,Z"]
[Black "Vlahovic,B"]
[Result "1-0"]
[WhiteElo "2557"]
[BlackElo "2400"]

1.d4 f5 2.Nf3 Nf6 3.g3 g6 4.Bg2 Bg7 5.O-O O-O 6.c4 d6 7.Nc3 Qe8 8.d5 Na6
9.Rb1 c5 10.b3 h6 11.Bb2 Nc7 12.a4 a6 13.a5 Rb8 14.b4 cxb4 15.Na2 b5 16.axb6 Rxb6
17.Bd4 Rb7 18.Rxb4 e5 19.Rxb7 Bxb7 20.Bb6 Na8 21.Ba5 Ne4 22.Ne1 Qc8 23.Bxe4 fxe4
24.Qa4 Qc5 25.Nc2 Nb6 26.Bxb6 Qxb6 27.Nc3 Bc8 28.Ne3 h5 29.Nxe4 Bh3 30.Rd1 Bh6
31.Qa3 Rd8 32.Qd3 Bxe3 33.Qxe3 Qxe3 34.fxe3 Bf5 35.Nd2 Rb8 36.e4 Bg4 37.Kf2 Rb2
38.Ke3 Ra2 39.Rb1 Kf7 40.c5 dxc5 41.Nc4 Rxe2+ 42.Kd3 Rxh2 43.Nxe5+ Kf6 44.Nxg4+ hxg4
45.Rb6+ Kf7 46.e5 Rh1 47.Rb7+ Ke8 48.d6 Re1 49.Re7+ Kf8 50.Kc4  1-0

[Event "zt 3.1a"]
[Site "Dubai UAE"]
[Date "2003.10.07"]
[Round "3"]
[White "Taleb,M"]
[Black "Mahjoob,M"]
[Result "1-0"]
[WhiteElo "2399"]
[BlackElo "2408"]

1.d4 f5 2.g3 Nf6 3.Bg2 g6 4.Nf3 Bg7 5.O-O O-O 6.c4 d6 7.Nc3 c6 8.b3 Na6 9.Bb2 Qe8
10.d5 Bd7 11.Rb1 h6 12.Nd4 g5 13.e4 fxe4 14.Nxe4 Nxe4 15.Bxe4 Nc5 16.Bf3 cxd5
17.Bxd5+ e6 18.Bg2 Rd8 19.Qe2 a6 20.Rbd1 b5 21.Rfe1 bxc4 22.Qxc4 Kh8 23.Qe2 e5
24.Qd2 Bg4 25.Rc1 Qg6 26.Nc6 Rd7 27.Re3 Bf5 28.Ba3 Rc8 29.Na5 Rdd8 30.Bxc5 dxc5
31.Qe1 Rd4 32.Rxe5 Bxe5 33.Qxe5+ Kh7 34.Nc6 Re8 35.Ne7 Qf7 36.Qxc5 Re4 37.Qxf5+ Qxf5
38.Nxf5 Re2 39.a4 Rb2 40.Rc7+ Kg6 41.Ne3 Rb1+ 42.Bf1 Re6 43.Kg2 Rb2 44.Bd3+ Kh5
45.Bc2 Re5 46.g4+ Kh4 47.h3  1-0

[Event "FSGM October"]
[Site "Budapest HUN"]
[Date "2003.10.11"]
[Round "8"]
[White "Berczes,D"]
[Black "Antal,Ge"]
[Result "1/2-1/2"]
[WhiteElo "2323"]
[BlackElo "2473"]

1.d4 f5 2.g3 Nf6 3.Bg2 g6 4.Nf3 Bg7 5.O-O O-O 6.c4 d6 7.Nc3 Qe8 8.d5 Na6
9.Rb1 c5 10.dxc6 bxc6 11.b4 Bd7 12.a3 Ng4 13.Bb2 f4 14.Ne4 fxg3 15.hxg3 Qf7
16.Bxg7 Qxg7 17.Qd4 Qh6 18.Qd2 Qh5 19.Qg5 Qxg5 20.Nexg5 Nc7 21.Nd4 h6 22.Nh3 Ne5
23.Rbc1 Ne6 24.Nxe6 Bxe6 25.Nf4 Bf7 26.c5 d5 27.Nd3 Nc4 28.Rxc4 dxc4 29.Ne5 Rad8
30.Nxc6 Rd2 31.Rc1 Rxe2 32.Nxa7 Be6 33.c6 c3 34.Rxc3 Re1+ 35.Kh2 Rxf2 36.g4 Bd5
37.Rg3 Rc1 38.Kh3 Be6 39.Re3 Kf7 40.b5 Rg1 41.Rf3+ Rxf3+ 42.Bxf3 Ra1 43.Kg2 Ra2+
44.Kg3 Rxa3 45.c7 Rxa7 46.b6 Rxc7 47.bxc7 Bc8 48.Kf4 Kf6 49.Ke4 g5 50.Kd5 Bd7
51.Be2 Bc8 52.Bf3 h5 53.gxh5 g4 54.Bg2 Kg5 55.Kc6 Kxh5 56.Kb6 g3 57.Ka7 Kg6
58.Kb8 Bd7 59.Bc6 Be6 60.Bd5 Bd7  1/2-1/2

[Event "300 Years"]
[Site "St Petersburg RUS"]
[Date "2003.10.19"]
[Round "2"]
[White "Maly,Al"]
[Black "Pogosian,Vl"]
[Result "1-0"]
[WhiteElo "2373"]
[BlackElo "2182"]

1.d4 f5 2.g3 Nf6 3.Bg2 g6 4.Nf3 Bg7 5.O-O O-O 6.c4 d6 7.Nc3 Nc6 8.b3 Ne4
9.Bb2 e5 10.dxe5 Nxc3 11.Bxc3 dxe5 12.Qd5+ Kh8 13.Qxd8 Rxd8 14.Ng5 Re8 15.Bxc6 bxc6
16.Rad1 h6 17.Nf7+ Kg8 18.Nd8 a5 19.Nxc6 a4 20.Rd2 axb3 21.axb3 Ra3 22.Rb1 Bb7
23.Ne7+ Kf7 24.Rd7 Ke6 25.Rxc7 Be4 26.Rd1 Rxb3 27.Nd5 Bf8 28.f3 Bc2 29.Rd2 Rb1+
30.Kg2 Bb3 31.f4 Bd6 32.Rg7 Bb8 33.Rxg6+ Kf7 34.Rf6+ Kg7 35.Rxf5 Kg6 36.Rf6+ Kg7
37.Bxe5 Bxe5 38.fxe5 Bxc4 39.Rf4 Ba6 40.Rf5 Bb7 41.e4 Bc8 42.Nf6 Re7 43.Nh5+ Kh7
44.Rf8 Bb7 45.Nf6+ Kg7 46.Rg8+ Kf7 47.Rh8 Rxe5 48.Rxh6 Kg7 49.Rd7+ Kxh6 50.Ng4+ Kh5
51.Nxe5 Bxe4+ 52.Kf2 Rb5 53.Nc4 Bc6 54.Rd4 Rc5 55.Ne3 Ra5 56.Rc4 Ba8 57.Rc2 Be4
58.Rd2 Ra1 59.Nf1 Ra3 60.Rb2 Rf3+ 61.Ke2 Ra3 62.Nd2 Bg2 63.Rb3 Ra1 64.Ke3 Ra2
65.Rd3 Kg4 66.Rd4+ Kg5 67.h4+ Kh5 68.Kf4 Ra3 69.Rc4 Rd3 70.Rc5+ Kh6 71.Nc4 Rf3+
72.Kg4 Rc3 73.Rh5+ Kg7 74.Rg5+ Kf6 75.Nd6 Rc6 76.Nf5 Rc4+ 77.Kh5 Bf3+ 78.Kh6 Rc8
79.Kh7 Be4 80.g4 Rc7+ 81.Kh6 Rc8 82.Rg6+ Ke5 83.Kg5 Rf8 84.Ne7 Re8 85.Rg7 Ke6
86.Nf5 Rf8 87.Re7+ Kd5 88.h5 Rg8+ 89.Rg7 Rc8 90.h6 Bxf5 91.Kxf5 Rf8+ 92.Kg6 Rh8
93.h7 Ke5 94.Rg8  1-0

[Event "WYb18"]
[Site "Halkidiki GRE"]
[Date "2003.10.23"]
[Round "1"]
[White "Blackburn,J"]
[Black "Pixton,A"]
[Result "0-1"]
[WhiteElo "2193"]
[BlackElo "2445"]

1.d4 f5 2.g3 Nf6 3.Bg2 g6 4.Nf3 Bg7 5.O-O O-O 6.c4 d6 7.b3 Qe8 8.Bb2 h6 9.Nc3 g5
10.e3 c6 11.b4 Na6 12.b5 Nc7 13.a4 Bd7 14.Qb3 Qf7 15.Ba3 Rac8 16.Nd2 f4 17.bxc6 bxc6
18.Ne2 Qh5 19.Nf3 fxe3 20.fxe3 Bh3 21.Nc1 Ng4 22.Ra2 Rf7 23.Bxh3 Qxh3 24.Rg2 Rcf8
25.Nd2 Rxf1+ 26.Nxf1 Ne6 27.Ne2 Rf3 28.Qb8+ Rf8 29.Qb3 c5 30.d5 Ne5 31.Nd2 g4
32.Nf4 Nxf4 33.exf4 Nf3+ 34.Nxf3 gxf3 35.Qxf3 Bd4+ 36.Kf1 Rb8 37.Qe4 Qg4
38.Re2 Rb1+ 39.Re1 Qh3+ 40.Ke2 Qxh2+ 41.Kf3 Rb3+ 42.Kg4 Rxg3+  0-1